Vicente Martínez Gadea, arquitectura 1985/2011 / (Record no. 153228)

MARC details
000 -LEADER
campo de control de longitud fija 01170nam a22002653i 4500
001 - NÚMERO DE CONTROL
campo de control 153228
003 - IDENTIFICADOR DE NÚMERO DE CONTROL
campo de control ES-MaACL
005 - FECHA Y HORA DE LA ÚLTIMA TRANSACCIÓN
campo de control 20231030160452.0
008 - DATOS DE LONGITUD FIJA--INFORMACIÓN GENERAL
campo de control de longitud fija 140310s2012 sp |||| ||spa d
020 ## - NÚMERO INTERNACIONAL ESTÁNDAR DEL LIBRO
Número Internacional Estándar del Libro 978-84-615-8990-6
080 ## - NÚMERO DE LA CLASIFICACIÓN DECIMAL UNIVERSAL
Número de la Clasificación Decimal Universal 72 Martínez Gadea, Vicente (083.824)
100 1# - ENTRADA PRINCIPAL--NOMBRE DE PERSONA
Nombre de persona Martínez Gadea, Vicente.
9 (RLIN) 154503
245 10 - MENCIÓN DEL TÍTULO
Título Vicente Martínez Gadea, arquitectura 1985/2011 /
Mención de responsabilidad, etc. [textos = texts, Antonio García Herrero ... et al.].
260 ## - PUBLICACIÓN, DISTRIBUCIÓN, ETC.
Lugar de publicación, distribución, etc. Murcia :
Nombre del editor, distribuidor, etc. Colegio Oficial de Arquitectos de Murcia :
-- Godoy,
Fecha de publicación, distribución, etc. D.L. 2012.
300 ## - DESCRIPCIÓN FÍSICA
Extensión [22], 415, [12] p. :
Otras características físicas principalmente il. col. y n., planos ;
Dimensiones 31 cm.
500 ## - NOTA GENERAL
Nota general Exposición celebrada en el Colegio Oficial de Arquitectos de Murcia.
546 ## - NOTA DE IDIOMA
Nota de lengua/lenguaje Texto en español y traducción al inglés.
600 14 - PUNTO DE ACCESO ADICIONAL DE MATERIA--NOMBRE DE PERSONA
Nombre de persona Martínez Gadea, Vicente-
Subdivisión de forma Exposiciones.
9 (RLIN) 154504
700 1# - ENTRADA AGREGADA--NOMBRE PERSONAL
Nombre de persona García Herrero, Antonio.
9 (RLIN) 154505
710 2# - ENTRADA AGREGADA--NOMBRE DE ENTIDAD CORPORATIVA
Nombre de entidad corporativa o nombre de jurisdicción como elemento de entrada Colegio Oficial de Arquitectos de Murcia.
9 (RLIN) 154506
852 ## - LOCALIZACIÓN
Ubicación ES-MaACL
Número de control de estantería A-13042
itemnumber 158803
Sublocalización o colección R.149861
Ubicación en estantería Depósito 1
Signatura antigua Olim: N-6042
Donativo/Legado Donación: Antonio García Herrero
903 ## - NOMBRE PERSONAL DE DONANTE
9 154505
a García Herrero, Antonio
e Donante
942 ## - ELEMENTOS DE ENTRADA SECUNDARIOS (KOHA)
Fuente del sistema de clasificación o colocación Clasificación decimal universal
Tipo de ítem Koha Libro impreso
Holdings
Estatus retirado Estado de pérdida Fuente del sistema de clasificación o colocación Estado de daño No para préstamo Biblioteca de origen Biblioteca actual Ubicación en estantería Fecha de adquisición Fuente de adquisición Total de préstamos Signatura topográfica completa Código de barras Visto por última vez Precio de reemplazo Tipo de ítem Koha
    Clasificación decimal universal     Biblioteca del Ateneo de Madrid Biblioteca del Ateneo de Madrid Depósito 1 17/01/2008 Donación   A-13042 1160114 23/02/2023 23/02/2023 Libro impreso